000 00452nam a22001337a 4500
003 SGT
020 _a9789389598674
082 _a080
_bR20P
100 _aपुष्पमित्र
245 _aरुकतापुर : बिहार जहाँ थम जाता है पहिया बदलाव की हर गाड़ी का
260 _bराजकमल प्रकाशन
_c2020
300 _a231
942 _2ddc
_cBK
999 _c31541
_d31541